[Event "TCh-POL Ekstraliga 2018"]
[Site "Poland POL"]
[Date "2018.10.28"]
[Round "9.5"]
[Board "6"]
[White "Kulon, Klaudia"]
[Black "Leks, Maria"]
[Result "1-0"]
[WhiteTitle "WGM"]
[BlackTitle "WCM"]
[WhiteElo "2356"]
[BlackElo "2145"]
[WhiteTeam "LKS Wrzos Miedzyborow"]
[BlackTeam "TS Wisla Krakow"]
[WhiteFideId "1131044"]
[BlackFideId "1134957"]
[EventDate "2018.06.08"]

1. e4 e5 2. Nf3 Nc6 3. d4 exd4 4. Nxd4 Nf6 5. Nxc6 bxc6 6. Qe2 Qe7 7. Nc3 d5 8.
exd5 Qxe2+ 9. Bxe2 cxd5 10. Nb5 Kd7 11. Bf4 Bb4+ 12. c3 Ba5 13. O-O-O c6 14. Nd4
Bc7 15. Bg5 Re8 16. Rhe1 Bb7 17. b4 h6 18. Bxf6 Bf4+ 19. Kc2 gxf6 20. g3 Bd6 21.
Nf5 Bf8 22. Bg4 Kc7 23. Bh5 Re5 24. Rxe5 fxe5 25. Bxf7 Rd8 26. Re1 e4 27. Nd4
Bc8 28. b5 Bc5 29. Nxc6 Rf8 30. Bxd5 Rxf2+ 31. Kb3 e3 32. Nd4 Bxd4 33. cxd4 e2
34. Bc4 Bg4 35. h3 Rf3+ 36. Kb4 Bxh3 37. Rxe2 Rxg3 38. Re7+ Kb8 39. Bd5 Bc8 40.
a4 h5 41. a5 Rg1 42. Rh7 Rg5 43. Bc6 Rg4 44. Kc5 h4 45. a6 Rg5+ 46. d5 1-0